| 000 | 00338nam a22001337a 4500 | ||
|---|---|---|---|
| 008 | 230607b xxu||||| |||| 00| 0 eng d | ||
| 020 | _a9756226234 | ||
| 082 |
_a728.82 _bAKC |
||
| 100 | _cOmer Tasdelen, Aydan Gurun | ||
| 245 | _aDolmabahce Palace | ||
| 260 |
_aIstanbul _bAll rights reserved _c2005,2008 |
||
| 300 | _a243p | ||
| 942 |
_2ddc _cBK |
||
| 999 |
_c760 _d760 |
||